Los Trueca-novias : (Record no. 137341)

MARC details
000 -CABECERA
campo de control de longitud fija 02518nam a2200433 i 4500
001 - NÚMERO DE CONTROL
campo de control 991061739573106706
003 - IDENTIFICADOR DEL NÚMERO DE CONTROL
campo de control ES-BaIT
005 - FECHA Y HORA DE LA ÚLTIMA TRANSACCIÓN
campo de control 20260401084620.0
008 - DATOS DE LONGITUD FIJA--INFORMACIÓN GENERAL
campo de control de longitud fija 260401s1765 sp 000 1 spa c
026 ## - IDENTIFICADOR DE HUELLA DIGITAL
Huella digital no analizada dor: a!er e.s. Ma¡O 3 1765 R
Fuente fei
040 ## - FUENTE DE LA CATALOGACIÓN
Centro catalogador/agencia de origen ES-BaIT
Lengua de catalogación cat
Normas de descripción rda
Centro/agencia transcriptor ES-BaIT
080 ## - NÚMERO DE LA CLASIFICACIÓN DECIMAL UNIVERSAL
Número de la Clasificación Decimal Universal 782.1.089
245 04 - MENCIÓN DE TÍTULO
Título Los Trueca-novias :
Resto del título opera jocosa en un acto
264 #1 - PRODUCCIÓN, PUBLICACIÓN, DISTRIBUCIÓN, FABRICACIÓN Y COPYRIGHT
Producción, publicación, distribución, fabricación y copyright En Madrid :
Nombre del de productor, editor, distribuidor, fabricante En la imprenta de D. Antonio Muñòz del Valle, calle del Carmen,
Fecha de producción, publicación, distribución, fabricación o copyright Año de MDCCLXV [1765]
300 ## - DESCRIPCIÓN FÍSICA
Extensión 29, [3] pàgines ;
Dimensiones 8º (15 cm)
336 ## - TIPO DE CONTENIDO
Término de tipo de contenido text
Código de tipo de contenido txt
Fuente rdacontent
337 ## - TIPO DE MEDIO
Nombre/término del tipo de medio sense mediació
Código del tipo de medio n
Fuente rdamedia
338 ## - TIPO DE SOPORTE
Nombre/término del tipo de soporte volum
Código del tipo de soporte nc
Fuente rdacarrier
500 ## - NOTA GENERAL
Nota general El títol obtingut de la pàgina 3
500 ## - NOTA GENERAL
Nota general A la portadella el títol: Los Trueca-novias. Opera jocósa.
500 ## - NOTA GENERAL
Nota general Signatures: *-**8 (verso del full** 7 i full **8, en blanc)
500 ## - NOTA GENERAL
Nota general P4: D2, H2
500 ## - NOTA GENERAL
Nota general Inclou repartiment
530 ## - NOTA DISPONIBLE DE FORMULARIO FÍSICO ADICIONAL
Nota de formato físico adicional disponible Reproducció digital disponible a Biblioescènic
593 ## - Camps col·lecció exemplar
Signatura topogràfica i/o núm. de registre VIT-059/03
Notes Enquadernació holandesa amb puntes, en color blau, guardes marbrejades, tall jaspiat. Exemplar guillotinat. Etiqueta d'antic topogràfic Vitrina A Estante 2 en full de guarda volant anterior. Relligat en volum factici, títol al llom: Entremeses raros VI
Història de l’exemplar. Procedència Ex-libris de la Colección teatral Arturo Sedó a la contracoberta anterior. Llistat manuscrit al full de guarda anterior de les obres que conté el volum
Digitalització Exemplar digitalitzat per Crossland, 2022
Nom de la col·lecció especial Artur Sedó
593 ## - Camps col·lecció exemplar
Signatura topogràfica i/o núm. de registre 30589
Notes Enquadernació en mitja pell vermella. Relligat en volum factici, títol al llom: Colección / Teatral / Varios autores / No 30587 / 30592 / A.S. [Artur Sedó]
Història de l’exemplar. Procedència Ex-libris de la Colección teatral Arturo Sedó a la contracoberta anterior. Segell de la Colección teatral Arturo Sedó a portada. Procedència Armando Cotarelo
Nom de la col·lecció especial Artur Sedó
650 #0 - PUNTO DE ACCESO ADICIONAL DE MATERIA--TÉRMINO DE MATERIA
Término de materia o nombre geográfico como elemento de entrada Òperes
Subdivisión de forma Llibrets
Subdivisión general Obres anteriors a 1800
9 (RLIN) 98274
700 ## - ENTRADA AGREGADA--NOMBRE PERSONAL
Nombre de persona Muñoz del Valle, Antonio
Término indicativo de función/relación impressor
9 (RLIN) 97206
730 0# - ENTRADA AGREGADA--TÍTULO UNIFORME
Título uniforme Col·lecció digital Biblioescènic del MAE
9 (RLIN) 69172
752 ## - ENTRADA AGREGADA--NOMBRE JERÁRQUICO DEL LUGAR
País o entidad superior Espanya
Ciudad Madrid
856 41 - LOCALIZACIÓN Y ACCESO ELECTRÓNICOS
Nota pública Accés lliure (Biblioescènic)
Especificación de materiales Exemplar (VIT-059/03)
Identificador Uniforme del Recurso <a href="https://books.cdmae.cat/visorpdf/?recurs=SV0059-03">https://books.cdmae.cat/visorpdf/?recurs=SV0059-03</a>
856 42 - LOCALIZACIÓN Y ACCESO ELECTRÓNICOS
Nota pública Fitxa del catàleg manual
Identificador Uniforme del Recurso <a href="https://www.cdmae.cat/sedo/imgtitulos/069/P0000423.gif">https://www.cdmae.cat/sedo/imgtitulos/069/P0000423.gif</a>
856 42 - LOCALIZACIÓN Y ACCESO ELECTRÓNICOS
Nota pública Fitxa del catàleg manual
Identificador Uniforme del Recurso <a href="https://www.cdmae.cat/sedo/imgtitulos/069/P0000422.gi">https://www.cdmae.cat/sedo/imgtitulos/069/P0000422.gi</a>
902 ## - ELEMENTOS DE DATOS B LOCAL, LDB (RLIN)
a Fons antic
902 ## - ELEMENTOS DE DATOS B LOCAL, LDB (RLIN)
a Patrimoni
908 ## - COLOCAR PARÁMETRO DE COMANDO (RLIN)
Colocar parámetro de comando CDMAE
940 ## - EQUIVALENCIA O REFERENCIA-CRUZADA--TÍTULO UNIFORME [OBSOLETO] [solamente CAN/MARC]
Título uniforme <a href="CDMAE">CDMAE</a>
942 ## - ELEMENTOS DE ENTRADA AGREGADA (KOHA)
Fuente del sistema de clasificación o colocación Clasificación decimal universal
Tipo de ítem Koha Digital
Holdings
Estado de retiro Estado de pérdida Fuente del sistema de clasificación o colocación Estado dañado No para préstamo Código de colección Localización permanente Ubicación/localización actual Ubicación en estantería Fecha de adquisición Fuente de adquisición Información codificada de la localización en otra ubicación Total de préstamos Signatura topográfica completa Código de barras Fecha visto por última vez Número de copia Precio válido a partir de Tipo de ítem Koha
    Clasificación decimal universal   Exclòs de préstec Artur Sedó. Col·lecció Armando Cotarelo Biblioteca Barcelona Biblioteca Barcelona BCN Magatzem Sedó 07/11/2005 Reconversió ODEC 10010   30589 1991125137 07/11/2005 1 11/08/2021 Antiquària
    Clasificación decimal universal   Exclòs de préstec Artur Sedó Biblioteca Barcelona Biblioteca Barcelona BCN Magatzem Sedó Vitrina 01/04/2026 Reconversió 10012   VIT-059/03 1000059035 01/04/2026 1 11/08/2021 Antiquària

Powered by Koha